000 00666nam a22001817a 4500
005 20231113110514.0
008 231113b |||||||| |||| 00| 0 eng d
020 _a9991663576
022 _a10268405
041 _aEnglish
082 _a346.1 REP
100 _lEnglish
245 _aReport on Uniform Default Matrimonial Property Consequences of Common Law Marriages :
_bRepeal of Selection 17 (6) of native Administration Proclamation, 1928 (Proclamation 15 of 1928
260 _aWindhoek :
_bLaw Reform and Development Commission,
_c2003
300 _bv, 9 pages ;
_c30,5 cm.
650 _aLegal practice
_bLaw
942 _cBK
_6ALISON_BN_VRIES
999 _c561
_d561